000 00696cam a2200157 4500
001 ABS61116
008 000000n1999 000 0 eng u
035 _a(Sirsi) u101679
100 _aDelargy, M.
245 _aWhat's a megabyte again?
260 _c1999
490 _aBuilding
_v(8100) 20 August 1999, 46-48(3)
520 _aEvaluates the range of advice obtained from high-street computer retailers on IT requirements for contractors. A construction contractor visited stores to assess the level of support and knowledge available. Outlines other sources of information, such as the CICA and Business Link.
690 _aMANAGEMENT-BUSINESS MANAGEMENT-INFORMATION MANAGEMENT
942 _n0
999 _c60804
_d60804